000 00870nam a2200193Ii 4500
003 JO-AjNU
008 230605s9999||||xx |||||||||||||| ||und||
040 _aJO-AjNU
_bara
_erda
_cJO-AjNU
041 _aara
050 1 4 _aBP178.I2675
100 3 _aابن قيم الجوزية، شمس الدين أبي عبد الله محمد بن أبي بكر ؛ تحقيق: طه يوسف شاهين,
_eauthor
_910404
245 0 0 _aجلاء الأفهام في الصلاة والسلام على خير الأنام
264 3 1 _aالقاهرة: دار الطباعة المحمدية، د.ت
300 _a300ص
336 _atext
_btxt
_2rdacontent
337 _aunmediated
_bn
_2rdamedia
338 _avolume
_bnc
_2rdacarrier
650 4 _aالصلاة على النبي صلى الله عليه وسلم- الادعية والاوراد- الاخلاق الاسلامية
_910405
999 _aA1789
_c5357
_d5357